[Event "Marianske Lazne op 16th"]
[Site "Marianske Lazne"]
[Date "2017.01.26"]
[Round "7"]
[White "Glacner, Karel"]
[Black "Voskoboynikov, Nikita"]
[Result "0-1"]
[WhiteElo "1656"]
[BlackElo "1406"]
[PlyCount "76"]
[EventDate "2017.01.21"]
[EventType "swiss"]
[EventRounds "9"]
[EventCountry "CZE"]
[SourceTitle "CBM 176 Extra"]
[Source "ChessBase"]
[SourceDate "2017.03.02"]
[SourceVersion "1"]
[SourceVersionDate "2017.03.02"]
[SourceQuality "1"]

1. h4 d5 2. a4 e5 3. h5 Nc6 4. c3 Nf6 5. e3 Bd6 6. a5 Bg4 7. Qb3 Rb8 8. h6 g6 9. Nh3 Qe7 10. Ra4 a6 11. f3 Bf5 12. d3 Bd7 13. Ra1 Nh5 14. Nf2 Ng3 15. Rh2 Nxf1 16. Kxf1 e4 17. f4 Be6 18. d4 g5 19. g4 Rg8 20. Rg2 gxf4 21. exf4 Kd7 22. Be3 Rg6 23. g5 f6 24. f5 Bxf5 25. Qxd5 Be6 26. Qxe4 fxg5 27. Nd2 Rf8 28. b3 Bh3 29. Qxe7+ Bxe7 30. Nde4 Bxg2+ 31. Kxg2 Rxh6 32. Ng4 Re6 33. d5 Rxe4 34. dxc6+ Kxc6 35. Kh3 h5 36. Bd4 Rxg4 37. Kh2 Bd6+ 38. Kh1 Rf3 0-1

[Event "Marianske Lazne op 16th"]
[Site "Marianske Lazne"]
[Date "2017.01.25"]
[Round "6"]
[White "Voskoboynikov, Nikita"]
[Black "Celba, Pavel"]
[Result "0-1"]
[WhiteElo "1406"]
[BlackElo "1738"]
[PlyCount "112"]
[EventDate "2017.01.21"]
[EventType "swiss"]
[EventRounds "9"]
[EventCountry "CZE"]
[SourceTitle "CBM 176 Extra"]
[Source "ChessBase"]
[SourceDate "2017.03.02"]
[SourceVersion "1"]
[SourceVersionDate "2017.03.02"]
[SourceQuality "1"]

1. e4 e5 2. Nf3 d6 3. d4 Nd7 4. Nc3 c6 5. Bd3 Be7 6. 0-0 Ngf6 7. Ne2 0-0 8. c4 h6 9. h3 Re8 10. d5 Nc5 11. Ng3 Nxd3 12. Qxd3 Bd7 13. a4 cxd5 14. cxd5 Nh7 15. b4 Ng5 16. Nxg5 hxg5 17. Qf3 g6 18. Be3 Kg7 19. Nh1 f5 20. exf5 gxf5 21. Qe2 f4 22. Bc1 Rh8 23. f3 Qb6+ 24. Qf2 Qxf2+ 25. Rxf2 Rac8 26. Bd2 Rc4 27. a5 Rhc8 28. Rff1 Rc2 29. Rfd1 Bb5 30. Rac1 Rxc1 31. Bxc1 Ba4 32. Re1 Bb3 33. Ba3 Kf6 34. Nf2 Bxd5 35. Ng4+ Ke6 36. b5 Rc3 37. Nxe5 dxe5 38. Bxe7 Kxe7 39. Rxe5+ Kd6 40. Rxg5 Be6 41. h4 Rc5 42. Rxc5 Kxc5 43. h5 Kxb5 44. h6 Bf5 45. g4 fxg3 46. Kg2 Kxa5 47. Kxg3 b5 48. Kf4 Bh7 49. Kg5 b4 50. f4 b3 51. f5 b2 52. f6 b1Q 53. f7 Qf5+ 54. Kh4 Qxf7 55. Kg3 Qg6+ 56. Kf3 Qxh6 0-1

[Event "Marianske Lazne op 16th"]
[Site "Marianske Lazne"]
[Date "2017.01.24"]
[Round "5"]
[White "Kosina, Vladimir"]
[Black "Voskoboynikov, Nikita"]
[Result "1/2-1/2"]
[WhiteElo "1734"]
[BlackElo "1406"]
[PlyCount "99"]
[EventDate "2017.01.21"]
[EventType "swiss"]
[EventRounds "9"]
[EventCountry "CZE"]
[SourceTitle "CBM 176 Extra"]
[Source "ChessBase"]
[SourceDate "2017.03.02"]
[SourceVersion "1"]
[SourceVersionDate "2017.03.02"]
[SourceQuality "1"]

1. d4 d5 2. Nf3 Nf6 3. c4 e6 4. Nc3 c6 5. Bg5 Nbd7 6. Qc2 Qa5 7. e3 Bb4 8. Bh4 Ne4 9. Rc1 Qxa2 10. cxd5 exd5 11. Bd3 Nxc3 12. bxc3 Qxc2 13. Rxc2 Bd6 14. Ke2 0-0 15. Ra1 Re8 16. Rca2 a6 17. c4 dxc4 18. Bxc4 b5 19. Bd3 Bb7 20. Bg3 Bxg3 21. hxg3 c5 22. dxc5 Nxc5 23. Bc2 Red8 24. Rh1 h6 25. Rh5 Ne6 26. Rh4 Rd6 27. Ra1 Rc8 28. Bf5 Rc5 29. Be4 g5 30. Bxb7 gxh4 31. gxh4 Rc2+ 32. Kf1 Nc5 33. Nd4 Rb2 34. Bf3 Rf6 35. Rc1 Nd3 36. Rc8+ Kg7 37. Kg1 Rb1+ 38. Kh2 Nxf2 39. h5 b4 40. Rb8 a5 41. Ra8 b3 42. Kg3 Nh1+ 43. Kh2 b2 44. Rb8 Nf2 45. Kg3 Nh1+ 46. Kh2 a4 47. Be4 Rbf1 48. Rxb2 a3 49. Ra2 Ra6 50. Bd3 1/2-1/2